Em und Copa America Gewinner - Statistiken

Allgemein
  • Dieses Quiz wurde 373 mal gespielt
  • Das Durchschnittsergebnis liegt bei 33 aus 36
Antwortstatistiken
Jahr Antwort % Korrekt
2021 Argentinien
99%
1993 Argentinien
99%
1991 Argentinien
99%
2019 Brasilien
99%
2007 Brasilien
99%
2004 Brasilien
99%
1999 Brasilien
99%
1997 Brasilien
99%
1989 Brasilien
99%
1996 Deutschland
99%
1980 Deutschland
99%
1972 Deutschland
99%
2021 Italien
99%
1968 Italien
99%
2016 Portugal
99%
2012 Spanien
99%
2008 Spanien
99%
1964 Spanien
99%
2000 Frankreich
98%
1984 Frankreich
98%
2016 Chile
93%
2015 Chile
93%
2011 Uruguay
93%
1995 Uruguay
93%
1987 Uruguay
93%
1983 Uruguay
93%
2004 Griechenland
91%
2001 Kolumbien
90%
1988 Niederlande
87%
1992 Dänemark
84%
1975 Peru
84%
1960 Russland
75%
1979 Paraguay
74%
1976 Tschechien
69%
Europa Europa
32%
Südamerika Südamerika
32%
Keine übereinstimmenden Quizze gefunden
Verteilung der Resultate
Anzahl Personen mit jedem Resultat
Perzentil nach korrekt beantworteten Fragen
Ihre Resultats-Entwicklung
Sie haben dieses Quiz noch nicht gespielt